| 000 | 00825nam0a22002651 4500 | ||
|---|---|---|---|
| 001 | v19\rc\1974586 | ||
| 005 | 20250619225549.0 | ||
| 035 | _a(NLR Aleph) 005069469 | ||
| 090 |
_a7080092 _c7080092 |
||
| 100 | _a20080623d1914 |||y0rusy50 ca | ||
| 101 | 0 | _arus | |
| 102 | _aRU | ||
| 105 | _ay z |||a| | ||
| 200 | 1 |
_aСкользкий путь _e[Стихотворение] |
|
| 210 |
_a[Барнаул _d1914?] |
||
| 215 | _a44 с. | ||
| 300 | _aВ конце текста: Г.К.; авт. установлен автогр. на экз. РНБ | ||
| 309 | _aБез тит. л. и обл. | ||
| 700 | 1 |
_aКолубанский _bГ.М. _gГеоргий Михайлович |
|
| 790 | 0 | _aГ. К. | |
| 801 | 0 |
_aRU _bNLR _gpsbo |
|
| 801 | 1 |
_aRU _bProSoft-M _2rusmarc |
|
| 852 |
_aNLR _j38.71.5.65 |
||
| 942 | _cBOOK | ||
| 980 | _aNB | ||